| 000 | 00417nam a22001217a 4500 | ||
|---|---|---|---|
| 082 | _aTHE 200 | ||
| 100 |
_aADEEL SHAHZAD, _972882 |
||
| 245 | _aTH-SOF-0625-QOS-SUPPORTED ENERGY EFFICIENT MAC PROTOCOL BASED ON IEEE 802.11E (QEMAC) FOR WIRELESS MULTIMEDIA SENSOR NETWORKS | ||
| 260 |
_aNUST COLLEGE OF EME _bISLAMABAD _c2018 |
||
| 650 | _a MS-CSE-7 MSTHESIS | ||
| 700 |
_aDR GHALIB ASADULLAH SHAH _934816 |
||
| 942 | _cCF | ||
| 999 |
_c578852 _d578852 |
||